टुकड़े -टुकड़े संवाद/ (Record no. 200919)

MARC details
000 -LEADER
fixed length control field 00812nam a22002177a 4500
003 - CONTROL NUMBER IDENTIFIER
control field dpl
005 - DATE AND TIME OF LATEST TRANSACTION
control field 20240222145009.0
008 - FIXED-LENGTH DATA ELEMENTS--GENERAL INFORMATION
fixed length control field 240220b |||||||| |||| 00| 0 eng d
010 ## - LIBRARY OF CONGRESS CONTROL NUMBER
LC control number HIN-126951
020 ## - INTERNATIONAL STANDARD BOOK NUMBER
International Standard Book Number 9879393219206
Terms of availability 400.00
035 ## - SYSTEM CONTROL NUMBER
System control number HN-99297
037 ## - SOURCE OF ACQUISITION
Source of stock number/acquisition DBAD/PUB
040 ## - CATALOGING SOURCE
Transcribing agency 0
082 ## - DEWEY DECIMAL CLASSIFICATION NUMBER
Classification number 808.88
100 ## - MAIN ENTRY--PERSONAL NAME
Personal name राठी,सुमन
9 (RLIN) 62287
245 ## - TITLE STATEMENT
Title टुकड़े -टुकड़े संवाद/
Statement of responsibility, etc सुमन राठी
260 ## - PUBLICATION, DISTRIBUTION, ETC. (IMPRINT)
Place of publication, distribution, etc दिल्ली
Name of publisher, distributor, etc राइजिंग स्टार्स
Date of publication, distribution, etc 2022
270 ## - ADDRESS
Address 600/5-ए आदर्श मोहल्ला गली न 15मौजपुर
City दिल्ली
Postal code 110053
300 ## - PHYSICAL DESCRIPTION
Extent 120पृष्ठ;
Dimensions 22cm (सजिल्द)
942 ## - ADDED ENTRY ELEMENTS (KOHA)
Source of classification or shelving scheme Dewey Decimal Classification
Koha item type Hindi Books
Classification part 808.88
Call number suffix राठीसु
Holdings
Withdrawn status Lost status Source of classification or shelving scheme Damaged status Not for loan Collection code Home library Current library Date acquired Source of acquisition Cost, normal purchase price Total Checkouts Full call number Barcode Date last seen Copy number Cost, replacement price Koha item type
    Dewey Decimal Classification     Non-fiction Sarojini Nagar Sarojini Nagar 20/02/2024 DBAD/PUB 400.00   808.88 टुकड़े HN-99297 20/02/2024 1 400.00 Hindi Books

© Delhi Public Library
Hit Counter
free hit counter